| 000 | 00318nam a2200121Ia 4500 | ||
|---|---|---|---|
| 008 | 190216s9999||||xx |||||||||||||| ||und|| | ||
| 100 | _a"Carl P Swanson,Timothy Merz&Amp; William J Young" | ||
| 245 | 0 | _aCytogenetics | |
| 260 |
_bPrentice Hall Of India Pvt Ltd _c1973 |
||
| 300 | _a194p | ||
| 650 | _aBotany | ||
| 942 | _cBK | ||
| 999 |
_c1304 _d1304 |
||